Vol. 26, № 1-6; American Geologist

Detalles Bibliográficos
Parent link:American Geologist: a monthly journal. Vol. 26, № 1-6.— , 1888-1905
Idioma:inglés
Publicado: 1900
Formato: MixedMaterials Libro
KOHA link:https://koha.lib.tpu.ru/cgi-bin/koha/opac-detail.pl?biblionumber=537390

MARC

LEADER 00000nam2a2200000 4500
001 537390
005 20250909181953.0
035 |a (RuTPU)RU\TPU\prd\226811 
035 |a RU\TPU\prd\226808 
090 |a 537390 
100 |a 20141202d1900 k||y0rusy50 ba 
101 0 |a eng 
102 |a GB 
105 |a a z 000yy 
200 0 |a Vol. 26, № 1-6 
210 |d 1900 
461 1 |0 379821  |t American Geologist  |o a monthly journal  |v Vol. 26, № 1-6  |d 1888-1905  |9 379821 
801 0 |a RU  |b 63413507  |c 20010227  |g PSBO 
801 1 |a RU  |b 63413507  |c 20080423  |g PSBO 
801 2 |a RU  |b 63413507  |c 20141223  |g PSBO 
942 |c CR